Mat Jak najszybciej-Bardzo Łatwy w pół minuty - Statystyki

Ogólne statystyki
  • Ten quiz został rozwiązany 74 razy
  • Średni wynik to 14 z 15
Statystyki odpowiedzi
Pytania Odpowiedzi % Poprawnych
4-2 2
100%
2-2+2 2
100%
6-3 3
100%
2+5 7
100%
3+9 12
98%
8+8 16
97%
2+2+2 6
97%
8+10 18
95%
6+12 18
95%
5+9 14
93%
9-4 5
90%
9-5 4
84%
44 4
84%
20-5-5+5 15
71%
3+3+3 9
66%
Nie znaleziono quizów pasujących do podanych kryteriów
Rozkład punktacji
Procent ludzi z każdym wynikiem
Percentyl według liczby udzielonych odpowiedzi
Twoja historia wyników
Nie rozwiązałeś tego quizu